Selected Practical Aspects of the Fiscal Decentralization in the Slovak Republic
Poukázanie na kľúčové prvky decentralizácie verejnej správy v podmienkach Slovenskej republiky s osobitným dôrazom na vytvorenie daňového systému miestnych samospráv. Skúmanie výšky miery vzájomného vzťahu medzi štátnymi príjmami a objemom výdavkov pri plnení úloh.
Enregistré dans:
| Auteur principal: | |
|---|---|
| Autres auteurs: | |
| Format: | Chapitre de livre |
| Langue: | anglais |
| Sujets: | |
| Tags: |
Pas de tags, Soyez le premier à ajouter un tag!
|
MARC
| LEADER | 00000naa$a2200000$$$4500 | ||
|---|---|---|---|
| 001 | 0260009 | ||
| 005 | 20240502083742.1 | ||
| 041 | 0 | |a eng | |
| 044 | |a CZ | ||
| 245 | 1 | 0 | |a Selected Practical Aspects of the Fiscal Decentralization in the Slovak Republic |c Erika Neubauerová, Michaela Tomčiková |
| 520 | |a Poukázanie na kľúčové prvky decentralizácie verejnej správy v podmienkach Slovenskej republiky s osobitným dôrazom na vytvorenie daňového systému miestnych samospráv. Skúmanie výšky miery vzájomného vzťahu medzi štátnymi príjmami a objemom výdavkov pri plnení úloh. | ||
| 610 | 2 | 0 | |a decentralizácia fiškálna |
| 610 | 2 | 0 | |a správa verejná |
| 610 | 2 | 0 | |a financovanie |
| 610 | 2 | 0 | |a samospráva |
| 610 | 2 | 0 | |a výdavky verejné |
| 610 | 2 | 0 | |a dane miestne |
| 100 | 1 | |a Neubauerová, Erika, 1968- | |
| 700 | 1 | |a Tomčiková, Michaela | |